Singlet oxygen: Reactions with organic compounds and polymers (Record no. 29621)

MARC details
000 -LEADER
fixed length control field 00321nam a2200121Ia 4500
082 ## - DEWEY DECIMAL CLASSIFICATION NUMBER
Classification number 546.21
Item number RAN
245 #0 - TITLE STATEMENT
Title Singlet oxygen: Reactions with organic compounds and polymers
260 ## - PUBLICATION, DISTRIBUTION, ETC. (IMPRINT)
Place of publication New York
Name of publisher John Wiley
Year of publication 1978
700 ## - ADDED ENTRY--PERSONAL NAME
Personal name B
700 ## - ADDED ENTRY--PERSONAL NAME
Personal name Rabek, J K
942 ## - ADDED ENTRY ELEMENTS (KOHA)
Koha item type Books
Holdings
Withdrawn status Lost status Damaged status Not for loan Home library Current library Date acquired Cost, normal purchase price Full call number Accession Number Koha item type
        RRII Library RRII Library 16/12/2021 37.00 546.21 RAN 10204 Books